00736nam a2200253 a 4500001001300000003000900013005001700022008004100039020002300080082002000103100002200123245003200145260003700177300000900214500003500223505001000258650002500268650002100293700002200314902000800336942000700344952011600351999001500467nice12345678IN_TiNIC20260116012308.0050524s1994 newa grp 000 0 eng  a812465X c14000a954.035092bMCD aMcdonough, Sheila aGandhi`s Responses to Islam aNew Delhi bDk Printworld c1994 a133p aincludes index and biblioraphy2 aIndex aGandhi M K-Biography aGandhi and Islam1 aMcdonough, Sheila bSRS cBK 00104070aHMIbHMId2013-01-18g140.00l2m3o954.035092 MCDp014945r2022-04-19s2022-02-11w2026-01-16yEB c6434d6434